Statistics for NBA Starting Lineups 2018-19

Click here to take the quiz!

General Stats

  • This quiz has been taken 1,192 times
    (1,175 since last reset)
  • The average score is 66 of 150

Answer Stats

TeamPosPlayer% Correct
HawksPGTrae Young
94%
PacersPFThaddeus Young
90%
RocketsSGJames Harden
89%
CelticsPGKyrie Irving
88%
RocketsPGChris Paul
86%
ThunderPGRussell Westbrook
86%
CelticsSFJayson Tatum
84%
ThunderSFPaul George
82%
LakersSFLeBron James
80%
RocketsCClint Capela
79%
ThunderCSteven Adams
79%
76ersCJoel Embiid
77%
WarriorsSGKlay Thompson
76%
PistonsSGBruce Brown
75%
RaptorsSGDanny Green
75%
WarriorsPGSteph Curry
75%
76ersPGBen Simmons
74%
CavaliersCTristan Thompson
74%
HawksPFJohn Collins
73%
MagicSFJonathon Simmons
73%
HornetsPGKemba Walker
73%
NetsSFJoe Harris
72%
WarriorsPFKevin Durant
72%
ClippersPFTobias Harris
72%
MagicPFAaron Gordon
71%
76ersSFJimmy Butler
71%
Trail BlazersPGDamian Lillard
70%
NetsPGD'Angelo Russell
70%
LakersPGLonzo Ball
69%
PelicansCAnthony Davis
68%
BucksPFGiannis Antetokounmpo
67%
NuggetsCNikola Jokic
67%
RaptorsSFKawhi Leonard
66%
MavericksPGLuka Doncic
66%
CelticsSGMarcus Smart
65%
NuggetsPGJamal Murray
64%
GrizzliesCMarc Gasol
64%
RocketsPFP.J. Tucker
64%
BullsSGZach LaVine
64%
TimberwolvesCKarl-Anthony Towns
63%
BucksCBrook Lopez
62%
Trail BlazersSGC.J. McCollum
62%
KingsPGDe'Aaron Fox
61%
NetsCJarrett Allen
61%
RaptorsPGKyle Lowry
61%
GrizzliesPGMike Conley
61%
PistonsPFBlake Griffin
60%
SpursSGDeMar DeRozan
60%
JazzSGDonovan Mitchell
60%
WizardsSGBradley Beal
59%
MagicCNikola Vucevic
59%
HornetsPFMarvin Williams
58%
PacersCMyles Turner
58%
LakersSGBrandon Ingram
57%
JazzCRudy Gobert
57%
PelicansSGJrue Holiday
56%
BullsSFJustin Holiday
56%
LakersCJaVale McGee
55%
PistonsCAndre Drummond
54%
LakersPFKyle Kuzma
53%
CavaliersPGCollin Sexton
52%
SunsCDeAndre Ayton
52%
GrizzliesPFJaren Jackson Jr.
52%
SunsSFJosh Jackson
52%
Trail BlazersCJusuf Nurkic
52%
PistonsPGReggie Jackson
52%
76ersSGJ.J. Redick
51%
BucksSGEric Bledsoe
50%
TimberwolvesSGAndrew Wiggins
48%
KingsSGBuddy Hield
48%
SpursCLaMarcus Aldridge
48%
HeatCHassan Whiteside
47%
CelticsPFMarcus Morris
47%
RaptorsPFPascal Siakam
47%
MavericksCDeAndre Jordan
46%
PacersSFBojan Bogdanovic
45%
JazzPGRicky Rubio
45%
BullsCWendell Carter Jr.
45%
ThunderPFJerami Grant
43%
BullsPFLauri Markkanen
43%
BucksPGMalcolm Brogdon
43%
RaptorsCSerge Ibaka
42%
WarriorsSFAndre Iguodala
40%
PelicansPFJulius Randle
40%
WizardsPFOtto Porter Jr.
40%
MagicSGEvan Fournier
39%
HornetsCCody Zeller
38%
HeatPFJames Johnson
37%
TimberwolvesPGJeff Teague
37%
HawksSFKevin Huerter
37%
WarriorsCKevon Looney
37%
MavericksPFHarrison Barnes
36%
JazzSFJoe Ingles
35%
HawksCDewayne Dedmon
34%
HawksSGKent Bazemore
34%
TimberwolvesSFRobert Covington
34%
SunsPFTrevor Ariza
34%
HornetsSGJeremy Lamb
33%
MagicPGD.J. Augustin
32%
HornetsSFNicolas Batum
32%
ClippersPGShai Gilgeous-Alexander
32%
PacersPGDarren Collison
31%
HeatPGJosh Richardson
30%
KnicksSGTim Hardaway Jr.
30%
CavaliersSFCedi Osman
29%
ClippersSFDanilo Gallinari
29%
CelticsCDaniel Theis
28%
KnicksCEnes Kanter
28%
ThunderSGTerrance Ferguson
26%
KingsCWillie Cauley-Stein
26%
JazzPFDerrick Favors
25%
PistonsSFGlenn Robinson III
25%
ClippersCMarcin Gortat
25%
SpursSFRudy Gay
25%
PelicansSFSoloman Hill
24%
Trail BlazersPFAl-Farouq Aminu
23%
SunsSGMikal Bridges
23%
TimberwolvesPFTaj Gibson
23%
NetsPFRondae Hollis-Jefferson
22%
MavericksSFWesley Matthews
20%
GrizzliesSFKyle Anderson
19%
Trail BlazersSFMaurice Harkless
19%
76ersPFWilson Chandler
19%
ClippersSGAvery Bradley
18%
WizardsCThomas Bryant
18%
RocketsSFJames Ennis III
13%
WizardsSFTomas Satoransky
13%
PacersSGTyreke Evans
13%
SpursPG Bryn Forbes
12%
MavericksSGJalen Brunson
12%
NetsSGAllen Crabbe
11%
KnicksPGEmmanuel Mudiay
9%
WizardsPGAustin Rivers
8%
BucksSFTony Snell
8%
NuggetsSGTorrey Craig
8%
KingsSFIman Shumpert
7%
KingsPFNemanja Bjelica
7%
HeatSGWayne Ellington
7%
NuggetsSFJuan Hernangomez
6%
GrizzliesSGGarrett Temple
5%
KnicksSFMario Hezonja
5%
HeatSFRodney McGruder
5%
CavaliersSGAlec Burks
4%
SunsPGElie Okobo
4%
BullsPGRyan Arcidiacono
4%
NuggetsPFTrey Lyles
4%
SpursPFDante Cunningham
3%
KnicksPFNoah Vonleh
3%
PelicansPGTim Frazier
3%
CavaliersPFJaron Blossomgame
1%

Score Distribution

Percentile by Number Answered

Percent of People with Each Score

Your Score History

You have not taken this quiz since the last reset